[Event "42.Camp. Italiano"]
[Site "Arco di Trento ITA"]
[Date "1982.10.23"]
[Round "12.3"]
[White "Bruno, Fabio"]
[Black "Vallifuoco, Giovanni"]
[Result "1-0"]
[WhiteElo "2243"]
[BlackElo "2128"]
[Annotator "Gabriele Ballarin"]
[PlyCount "84"]
[EventDate "1982.10.11"]
[EventType "tourn"]
[EventRounds "12"]
[EventCountry "ITA"]

1. c4 Nf6 2. Nc3 e5 3. g3 Bb4 4. Qc2 O-O 5. a3 Bxc3 6. Qxc3 Re8 7. Bg2 c6 8. c5 d5 9. cxd6 Qxd6 10. d3 Bf5 11. e4 Bg6 12. f4 Nbd7 13. Nh3 Nc5 14. Nf2 Nd5 15. exd5 exf4+ 16. Kf1 fxg3 17. hxg3 Qxg3 18. Rh3 Qd6 19. b4 Na4 20. Qd4 c5 21. bxc5 Nxc5 22. Rb1 Rad8 23. Ne4 Bxe4 24. dxe4 b6 25. Kg1 Qg6 26. Re3 Ne6 27. Qe5 Ng5 28. Qf5 Qh5 29. Bb2 h6 30. e5 Qh4 31. Rf1 Qc4 32. Rg3 Qc5+ 33. Kh2 Qe7 34. Rf4 g6 35. Qd3 Ne6 36. Rf6 Ng7 37. e6 Nxe6 38. Rfxg6+ fxg6 39. Qxg6+ Ng7 40. Qxh6 Rd7 41. d6 Qxd6 42. Bd5+ Kf8 1-0

[Event "42.Camp. Italiano"]
[Site "Arco di Trento ITA"]
[Date "1982.10.23"]
[Round "12.4"]
[White "Pompa, Alessandro"]
[Black "Ceschia, Ivano"]
[Result "0-1"]
[WhiteElo "1995"]
[BlackElo "2278"]
[Annotator "Gabriele Ballarin"]
[PlyCount "38"]
[EventDate "1982.10.11"]
[EventType "tourn"]
[EventRounds "12"]
[EventCountry "ITA"]

1. d4 Nf6 2. c4 g6 3. f3 d5 4. cxd5 Nxd5 5. e4 Nb6 6. Nc3 Bg7 7. Be3 O-O 8. a4 a5 9. Qd2 e6 10. Nh3 Nc6 11. Rd1 Qe7 12. Be2 Rd8 13. d5 exd5 14. Bxb6 Bxc3 15. Qxc3 cxb6 16. exd5 Bxh3 17. Kf2 Nb4 18. gxh3 Qh4+ 19. Kg2 Nxd5 0-1

[Event "42.Camp. Italiano"]
[Site "Arco di Trento ITA"]
[Date "1982.10.23"]
[Round "12.5"]
[White "Messa, Roberto"]
[Black "Sibilio, Mario"]
[Result "1/2-1/2"]
[WhiteElo "2330"]
[BlackElo "2261"]
[Annotator "Gabriele Ballarin"]
[PlyCount "153"]
[EventDate "1982.10.11"]
[EventType "tourn"]
[EventRounds "12"]
[EventCountry "ITA"]

1. e4 g6 2. d4 Bg7 3. Nc3 c6 4. g3 d5 5. exd5 cxd5 6. Bg2 Nc6 7. Nxd5 Nxd4 8. c3 Ne6 9. Ne2 Nf6 10. Nxf6+ Bxf6 11. Qxd8+ Nxd8 12. Nf4 e6 13. Be3 Bd7 14. O-O Bc6 15. Rfe1 Bxg2 16. Kxg2 Nc6 17. Nd5 Bd8 18. Bh6 Kd7 19. Bg7 Rg8 20. Nf6+ Bxf6 21. Bxf6 g5 22. Rad1+ Kc7 23. h4 gxh4 24. Bxh4 Rae8 25. Re2 f5 26. Red2 Rg7 27. Rd6 Rf7 28. a4 Ne5 29. b4 Nd7 30. a5 e5 31. b5 f4 32. gxf4 exf4 33. b6+ axb6 34. axb6+ Kc8 35. R1d4 Rg8+ 36. Kh3 Rg6 37. Rxg6 hxg6 38. Rd6 Rg7 39. Kg4 g5 40. Bxg5 Ne5+ 41. Kxf4 Rxg5 42. Rd5 Rg2 43. Kxe5 Rxf2 44. c4 Rf8 45. Rc5+ Kb8 46. Rc7 Rd8 47. Ke6 Rh8 48. Rf7 Kc8 49. Ke7 Rg8 50. Rf6 Rg7+ 51. Ke6 Rg8 52. c5 Re8+ 53. Kd5 Rh8 54. Rf7 Rd8+ 55. Ke6 Rh8 56. Rc7+ Kb8 57. Re7 Kc8 58. Kf7 Rh7+ 59. Kf8 Rh5 60. Rc7+ Kb8 61. Kg7 Rf5 62. Kg8 Rg5+ 63. Kf7 Rf5+ 64. Ke6 Rh5 65. Kd6 Rh6+ 66. Kd5 Rh5+ 67. Kc4 Rh4+ 68. Kb5 Rh8 69. Rg7 Rf8 70. Rg5 Rc8 71. Rh5 Rf8 72. c6 bxc6+ 73. Kxc6 Rg8 74. Rh6 Rf8 75. Kb5 Rg8 76. Ka6 Rf8 77. Rh7 1/2-1/2

[Event "42.Camp. Italiano"]
[Site "Arco di Trento ITA"]
[Date "1982.10.23"]
[Round "12.7"]
[White "Cocchi, Andrea"]
[Black "Martorelli, Antonio"]
[Result "1-0"]
[WhiteElo "2263"]
[BlackElo "2224"]
[Annotator "Gabriele Ballarin"]
[PlyCount "83"]
[EventDate "1982.10.11"]
[EventType "tourn"]
[EventRounds "12"]
[EventCountry "ITA"]

1. e4 c5 2. Nf3 e6 3. d4 cxd4 4. Nxd4 Nc6 5. Nc3 Qc7 6. Be3 a6 7. Be2 Nf6 8. f4 Bb4 9. Qd3 d5 10. e5 Ne4 11. O-O Bxc3 12. bxc3 Na5 13. Bf3 Nc5 14. Qd1 Nc4 15. Bf2 Bd7 16. Nb3 Na4 17. Bd4 g6 18. Be2 Ncb2 19. Qc1 Bb5 20. Bxb5+ axb5 21. Rf3 Kd7 22. Nd2 Nc4 23. Nf1 Nc5 24. Kh1 Ra4 25. Ne3 Rha8 26. Nxc4 bxc4 27. f5 gxf5 28. g4 Rxa2 29. Rb1 Kc6 30. gxf5 b6 31. fxe6 fxe6 32. Rf6 Re8 33. Bxc5 bxc5 34. Qf4 Rxc2 35. Qf5 Kd7 36. Qxc2 Qxe5 37. Rf2 Qc7 38. Rf7+ Re7 39. Rxe7+ Kxe7 40. Rb7 Qxb7 41. Qxh7+ Kd6 42. Qxb7 1-0

[Event "42.Camp. Italiano"]
[Site "Arco di Trento ITA"]
[Date "1982.10.24"]
[Round "13.2"]
[White "Passerotti, Pierluigi"]
[Black "Cocchi, Andrea"]
[Result "0-1"]
[WhiteElo "2338"]
[BlackElo "2263"]
[Annotator "Gabriele Ballarin"]
[PlyCount "90"]
[EventDate "1982.10.11"]
[EventType "tourn"]
[EventRounds "12"]
[EventCountry "ITA"]

1. g3 g6 2. Bg2 c5 3. f4 Bg7 4. Nf3 Nf6 5. d3 d5 6. O-O Nc6 7. c3 O-O 8. Qb3 Qd6 9. Qa3 b5 10. Be3 b4 11. Qa4 Bd7 12. h3 Nh5 13. Bf2 e5 14. e3 d4 15. exd4 cxd4 16. Nxe5 Nxe5 17. fxe5 Bxa4 18. exd6 dxc3 19. bxc3 bxc3 20. Na3 c2 21. Rac1 Bb2 22. Bxa8 Bxa3 23. Bd5 Bxc1 24. Rxc1 Rd8 25. Bb3 Bxb3 26. axb3 Rxd6 27. d4 Rc6 28. d5 Rc3 29. d6 Kf8 30. Kh2 Ke8 31. Be1 Rc6 32. Bb4 Kd7 33. Kg2 Nf6 34. Kf3 Nd5 35. Ba3 f5 36. Ke2 Nc3+ 37. Kd3 Ne4 38. Rxc2 Rxc2 39. Kxc2 Nxg3 40. Bc5 a6 41. Kd3 Ne4 42. Ba3 Nxd6 43. Ke3 Ke6 44. Kf4 Ne4 45. Bb2 g5+ 0-1

[Event "42.Camp. Italiano"]
[Site "Arco di Trento ITA"]
[Date "1982.10.24"]
[Round "13.4"]
[White "Ceschia, Ivano"]
[Black "Messa, Roberto"]
[Result "1-0"]
[WhiteElo "2278"]
[BlackElo "2330"]
[Annotator "Gabriele Ballarin"]
[PlyCount "83"]
[EventDate "1982.10.11"]
[EventType "tourn"]
[EventRounds "12"]
[EventCountry "ITA"]

1. e4 e6 2. d4 d5 3. Nd2 f5 4. exf5 exf5 5. Bd3 Nf6 6. Ndf3 Bd6 7. Ne5 Nc6 8. Bb5 Bd7 9. Nxd7 Qxd7 10. Nf3 O-O 11. O-O Rae8 12. c4 a6 13. Ba4 dxc4 14. d5 b5 15. dxc6 Qxc6 16. Bc2 Ne4 17. Be3 Kh8 18. Bxe4 fxe4 19. Nd4 Qd5 20. Ne2 Qe5 21. Ng3 Qxb2 22. Bd4 Qa3 23. Qc2 c5 24. Be3 Qd3 25. Rac1 Qd5 26. Rfd1 Qe5 27. Qxe4 Qxe4 28. Nxe4 Bxh2+ 29. Kxh2 Rxe4 30. Bxc5 Rc8 31. Rd7 h6 32. Bd4 Rg4 33. Rd6 Kh7 34. Bc3 Rg6 35. Rcd1 Rc6 36. Rxc6 Rxc6 37. Rd7 Rg6 38. f4 Kg8 39. f5 Rg5 40. Ra7 Rxf5 41. a4 Rd5 42. axb5 1-0

[Event "42.Camp. Italiano"]
[Site "Arco di Trento ITA"]
[Date "1982.10.24"]
[Round "13.5"]
[White "Vallifuoco, Giovanni"]
[Black "Pompa, Alessandro"]
[Result "1-0"]
[WhiteElo "2128"]
[BlackElo "1995"]
[Annotator "Gabriele Ballarin"]
[PlyCount "33"]
[EventDate "1982.10.11"]
[EventType "tourn"]
[EventRounds "12"]
[EventCountry "ITA"]

1. d4 Nf6 2. c4 e6 3. Nc3 Bb4 4. e3 c5 5. a3 Bxc3+ 6. bxc3 O-O 7. Bd3 d6 8. Ne2 Nc6 9. e4 Qe8 10. O-O e5 11. d5 Na5 12. Ng3 Nd7 13. Nf5 Nb6 14. Nxd6 Qd7 15. Nf5 g6 16. Bh6 gxf5 17. exf5 1-0

[Event "42.Camp. Italiano"]
[Site "Arco di Trento ITA"]
[Date "1982.10.24"]
[Round "13.6"]
[White "Santolini, Luigi"]
[Black "Bruno, Fabio"]
[Result "1/2-1/2"]
[WhiteElo "2249"]
[BlackElo "2243"]
[Annotator "Gabriele Ballarin"]
[PlyCount "44"]
[EventDate "1982.10.11"]
[EventType "tourn"]
[EventRounds "12"]
[EventCountry "ITA"]

1. Nf3 Nf6 2. g3 b5 3. Bg2 Bb7 4. O-O e6 5. b3 Be7 6. c4 bxc4 7. bxc4 c5 8. d3 O-O 9. Nc3 d6 10. Rb1 Bc6 11. Nd2 Bxg2 12. Kxg2 Nfd7 13. Qb3 Nc6 14. Qb7 Nde5 15. Qa6 Rb8 16. Ba3 Rb6 17. Rxb6 axb6 18. Rb1 Nd7 19. Bc1 Nd4 20. Nb3 Nc6 21. Nd2 Nd4 22. Nb3 Nc6 1/2-1/2

[Event "42.Camp. Italiano+"]
[Site "Arco di Trento ITA"]
[Date "1982.10.11"]
[Round "1.5"]
[White "Tatai, Stefano"]
[Black "Ceschia, Ivano"]
[Result "1/2-1/2"]
[WhiteElo "2446"]
[BlackElo "2276"]
[Annotator "Gabriele Ballarin"]
[PlyCount "29"]
[EventDate "1982.10.11"]
[EventType "tourn"]
[EventRounds "13"]
[EventCountry "ITA"]

1. d4 Nf6 2. c4 g6 3. Nc3 d5 4. cxd5 Nxd5 5. e4 Nxc3 6. bxc3 Bg7 7. Bc4 c5 8. Ne2 Nc6 9. Be3 O-O 10. O-O Qc7 11. Rc1 a6 12. h3 Rd8 13. Bf4 Qa5 14. Qb3 e6 15. d5 1/2-1/2

[Event "43.Camp. Italiano"]
[Site "Arco di Trento ITA"]
[Date "1983.10.13"]
[Round "1.2"]
[White "Lanzani, Mario"]
[Black "Passerotti, Pierluigi"]
[Result "1/2-1/2"]
[WhiteElo "2173"]
[BlackElo "2320"]
[Annotator "Gabriele Ballarin"]
[PlyCount "35"]
[EventDate "1983.10.13"]
[EventType "tourn"]
[EventRounds "13"]
[EventCountry "ITA"]

1. e4 e5 2. Nf3 d6 3. d4 Nf6 4. dxe5 Nxe4 5. Qd5 Nc5 6. Bg5 Be7 7. exd6 Qxd6 8. Nc3 Ne6 9. Be3 Qxd5 10. Nxd5 Bd8 11. Bc4 O-O 12. O-O-O Nd7 13. Rhe1 Nb6 14. Bb3 Nxd5 15. Bxd5 Bf6 16. Nd4 Re8 17. Nb5 a6 18. Bxe6 1/2-1/2

[Event "43.Camp. Italiano"]
[Site "Arco di Trento ITA"]
[Date "1983.10.18"]
[Round "6.6"]
[White "Lanzani, Mario"]
[Black "Sibilio, Mario"]
[Result "1-0"]
[WhiteElo "2173"]
[BlackElo "2349"]
[Annotator "Gabriele Ballarin"]
[PlyCount "113"]
[EventDate "1983.10.13"]
[EventType "tourn"]
[EventRounds "13"]
[EventCountry "ITA"]

1. e4 c5 2. Nf3 b6 3. d4 cxd4 4. Nxd4 Bb7 5. Nc3 a6 6. Bc4 e6 7. Qe2 b5 8. Bb3 Bc5 9. Be3 Qb6 10. O-O-O Nc6 11. Qd2 Nge7 12. Ndxb5 O-O 13. Bxc5 Qxc5 14. Nd6 Rab8 15. Rhe1 Ba8 16. Qe3 Qh5 17. Na4 Na5 18. h3 Nxb3+ 19. axb3 Qa5 20. Qc5 Qd8 21. g3 Bc6 22. f4 Nc8 23. Nxc8 Qxc8 24. Nb6 Qd8 25. Nc4 f6 26. Qd6 Bb5 27. Na3 Rb7 28. Kb1 Qa8 29. h4 Qa7 30. Qd4 Qb8 31. Qd6 Qa7 32. Qd4 Qb8 33. Nc4 Bxc4 34. Qxc4 Rc8 35. Qd4 Qc7 36. Rd2 Qc6 37. Qd6 Qb5 38. Qd3 Kf7 39. Qxb5 axb5 40. c3 Ke7 41. Kc2 Ra7 42. Rd4 Rc5 43. Rdd1 Rcc7 44. Ra1 Kd6 45. b4 Kc6 46. Kd3 Kb6 47. b3 Rxa1 48. Rxa1 Ra7 49. Rxa7 Kxa7 50. Kd4 Kb6 51. h5 Kc6 52. g4 g6 53. hxg6 hxg6 54. c4 d6 55. g5 e5+ 56. Ke3 fxg5 57. fxe5 1-0

[Event "43.Camp. Italiano"]
[Site "Arco di Trento ITA"]
[Date "1983.10.21"]
[Round "8.5"]
[White "Lanzani, Mario"]
[Black "Martorelli, Antonio"]
[Result "0-1"]
[WhiteElo "2173"]
[BlackElo "2274"]
[Annotator "Gabriele Ballarin"]
[PlyCount "62"]
[EventDate "1983.10.13"]
[EventType "tourn"]
[EventRounds "13"]
[EventCountry "ITA"]

1. e4 c5 2. Nf3 e6 3. d3 d5 4. Nbd2 Nf6 5. g3 Nc6 6. Bg2 Be7 7. O-O O-O 8. Re1 dxe4 9. dxe4 e5 10. c3 h6 11. Nc4 Qc7 12. Ne3 Rd8 13. Qc2 Be6 14. Nh4 Bf8 15. Rf1 b5 16. f4 c4 17. Nef5 Rd3 18. fxe5 Ng4 19. Qe2 Ngxe5 20. Be3 Rad8 21. h3 b4 22. cxb4 Nxb4 23. Kh2 g6 24. Bxh6 gxf5 25. Bxf8 Kxf8 26. exf5 Bd5 27. Qh5 Bxg2 28. Nxg2 Rd2 29. Rae1 Nbc6 30. Qh8+ Ke7 31. Re4 Rxb2 0-1

[Event "43.Camp. Italiano"]
[Site "Arco di Trento ITA"]
[Date "1983.10.22"]
[Round "9.4"]
[White "Toth, Bela"]
[Black "Lanzani, Mario"]
[Result "1/2-1/2"]
[WhiteElo "2418"]
[BlackElo "2173"]
[Annotator "Gabriele Ballarin"]
[PlyCount "81"]
[EventDate "1983.10.13"]
[EventType "tourn"]
[EventRounds "13"]
[EventCountry "ITA"]

1. d4 g6 2. e4 Bg7 3. c4 d6 4. Nc3 Nc6 5. d5 Nd4 6. Be3 c5 7. Nge2 Qb6 8. Na4 Qa5+ 9. Bd2 Qd8 10. Bc3 e5 11. dxe6 Nxe6 12. Bxg7 Nxg7 13. Nac3 a6 14. Qd2 Be6 15. Nf4 Qg5 16. Rd1 Rd8 17. Ncd5 Bxd5 18. Nxd5 Qxd2+ 19. Rxd2 Ne6 20. Bd3 Ne7 21. O-O Nxd5 22. cxd5 Nf8 23. b4 Nd7 24. Rb1 b5 25. a4 c4 26. Be2 Ke7 27. Ra2 Ra8 28. Rba1 Nb6 29. axb5 axb5 30. Ra7+ Kf6 31. f4 Na4 32. Rd7 Nc3 33. Rxa8 Nxe2+ 34. Kf2 Rxa8 35. Kxe2 Ra4 36. Rxd6+ Ke7 37. Rc6 Rxb4 38. Ke3 Rb2 39. Kd4 Rxg2 40. Rb6 Rd2+ 41. Ke5 1/2-1/2

[Event "43.Camp. Italiano"]
[Site "Arco di Trento ITA"]
[Date "1983.10.25"]
[Round "12.3"]
[White "Lanzani, Mario"]
[Black "Cocozza, Mario"]
[Result "0-1"]
[WhiteElo "2173"]
[BlackElo "2239"]
[Annotator "Gabriele Ballarin"]
[PlyCount "40"]
[EventDate "1983.10.13"]
[EventType "tourn"]
[EventRounds "13"]
[EventCountry "ITA"]

1. d4 Nf6 2. c4 g6 3. Nc3 d5 4. Nf3 Bg7 5. Bg5 Ne4 6. Qc1 h6 7. Bf4 Nxc3 8. bxc3 c5 9. Be5 O-O 10. e3 Nc6 11. Bxg7 Kxg7 12. Qa3 cxd4 13. cxd4 Bg4 14. Be2 dxc4 15. Bxc4 Bxf3 16. gxf3 Rc8 17. Be2 e5 18. dxe5 Nxe5 19. Qb2 Qf6 20. Rb1 Nd3+ 0-1

[Event "43.Camp. Italiano"]
[Site "Arco di Trento ITA"]
[Date "1983.10.27"]
[Round "13.6"]
[White "Ceschia, Ivano"]
[Black "Lanzani, Mario"]
[Result "1-0"]
[WhiteElo "2294"]
[BlackElo "2173"]
[Annotator "Gabriele Ballarin"]
[PlyCount "99"]
[EventDate "1983.10.13"]
[EventType "tourn"]
[EventRounds "13"]
[EventCountry "ITA"]

1. e4 g6 2. d4 Bg7 3. Nf3 d6 4. Nc3 Nf6 5. h3 O-O 6. Bd3 Nbd7 7. e5 Ne8 8. e6 fxe6 9. Ng5 Nb6 10. Qg4 e5 11. Qh4 h6 12. Nf3 exd4 13. Ne2 Bf5 14. Bxf5 gxf5 15. Nfxd4 Qd7 16. g4 fxg4 17. hxg4 e5 18. Nf5 Rxf5 19. gxf5 Qxf5 20. Bxh6 Bf6 21. Qg3+ Kf7 22. O-O-O Ng7 23. Bxg7 Bxg7 24. Rdg1 Rg8 25. Kb1 d5 26. Qh3 Qxh3 27. Rxh3 Bf6 28. Rxg8 Kxg8 29. Rb3 Bd8 30. a4 a5 31. Rb5 Kf7 32. Rxa5 Ke6 33. Ra7 Kd7 34. a5 Nc4 35. Rxb7 Nxa5 36. Ra7 Nc6 37. Ra8 Be7 38. c3 Bd6 39. Rh8 Ne7 40. Kc2 c6 41. Ra8 Bc5 42. Rf8 Ke6 43. f4 exf4 44. Nxf4+ Kd7 45. Nd3 Bd6 46. b4 Kc7 47. Nc5 Kb6 48. Rf7 Kc7 49. Kb3 Kc8 50. Ka4 1-0

[Event "44.Semif.Camp.Italiano Categoria Mag."]
[Site "Torino ITA"]
[Date "1984.01.21"]
[Round "1.1"]
[White "Ciuffoletti, Paolo"]
[Black "Salvetti, Alec"]
[Result "1-0"]
[WhiteElo "2128"]
[BlackElo "1979"]
[Annotator "Gabriele Ballarin"]
[PlyCount "124"]
[EventDate "1984.01.21"]
[EventType "swiss"]
[EventRounds "9"]
[EventCountry "ITA"]

1. e4 c5 2. d4 cxd4 3. c3 d3 4. Bxd3 d5 5. Bb5+ Nd7 6. exd5 Ngf6 7. Bg5 Qb6 8. Qb3 a6 9. Bxd7+ Nxd7 10. Nf3 Qxb3 11. axb3 b5 12. Nbd2 Bb7 13. c4 Nc5 14. O-O Nd3 15. Nd4 h6 16. Bh4 g5 17. Bg3 Bg7 18. Nf5 Bxb2 19. Rad1 Bc8 20. Ne3 O-O 21. Ne4 Nf4 22. h4 f5 23. Rd2 Bg7 24. Nc5 Bc3 25. Ra2 Bb4 26. Bxf4 gxf4 27. Nd3 Bd6 28. Nc2 bxc4 29. bxc4 Bc7 30. Re1 Kf7 31. Nd4 Rg8 32. Rae2 Re8 33. Nc6 e6 34. Nc5 f3 35. dxe6+ Kf6 36. gxf3 Bb6 37. Nd7+ Bxd7 38. exd7 Rxe2 39. Rxe2 Kf7 40. Re7+ Kf8 41. Rh7 Kg8 42. Rxh6 a5 43. Rd6 a4 44. d8=Q+ Bxd8 45. Nxd8 a3 46. Rd1 a2 47. Ra1 Rxd8 48. Rxa2 Rd4 49. Rc2 Kf8 50. c5 Ke8 51. c6 Kd8 52. Rc5 Rxh4 53. Rxf5 Rc4 54. Rf6 Ke7 55. Rh6 Kf7 56. Kg2 Rc5 57. f4 Kg7 58. Rd6 Kf7 59. Kg3 Rc3+ 60. Kg4 Rc5 61. f5 Rc4+ 62. Kg5 Rc2 1-0

[Event "44.Semif.Camp.Italiano Categoria Mag."]
[Site "Torino ITA"]
[Date "1984.01.21"]
[Round "1.2"]
[White "Ceschia, Ivano"]
[Black "Luciani, Carlo"]
[Result "1/2-1/2"]
[WhiteElo "2244"]
[BlackElo "2112"]
[Annotator "Gabriele Ballarin"]
[PlyCount "45"]
[EventDate "1984.01.21"]
[EventType "swiss"]
[EventRounds "9"]
[EventCountry "ITA"]

1. e4 e5 2. Nc3 Bc5 3. Nf3 d6 4. Na4 Nd7 5. d3 Ngf6 6. Be2 O-O 7. O-O Bb6 8. Nxb6 axb6 9. Re1 Re8 10. Bf1 Nf8 11. g3 Ng6 12. Bg2 b5 13. d4 c6 14. dxe5 dxe5 15. Qxd8 Rxd8 16. Bg5 Be6 17. a3 Rd7 18. Bd2 Ne8 19. Bc3 f6 20. Nd2 b6 21. Nf1 Nc7 22. Ne3 Na6 23. Red1 1/2-1/2

[Event "44.Semif.Camp.Italiano Categoria Mag."]
[Site "Torino ITA"]
[Date "1984.01.21"]
[Round "1.3"]
[White "Spinelli, Doriano"]
[Black "Rodella, Franco"]
[Result "1/2-1/2"]
[WhiteElo "1919"]
[BlackElo "1905"]
[Annotator "Gabriele Ballarin"]
[PlyCount "53"]
[EventDate "1984.01.21"]
[EventType "swiss"]
[EventRounds "9"]
[EventCountry "ITA"]

1. e4 c6 2. d3 d5 3. Nd2 Qc7 4. Ngf3 Bg4 5. Be2 e6 6. O-O Nd7 7. b3 dxe4 8. Nxe4 Ngf6 9. Bb2 Nxe4 10. dxe4 O-O-O 11. Qc1 Bd6 12. g3 Ne5 13. Qe3 Nxf3+ 14. Bxf3 Bxf3 15. Qxf3 f6 16. Rad1 Be5 17. Bxe5 Qxe5 18. Qe3 Qa5 19. b4 Qb6 20. Qb3 Rhe8 21. Qc4 Qc7 22. a4 Rd6 23. Qc3 Rxd1 24. Rxd1 Rd8 25. Rxd8+ Qxd8 26. a5 a6 27. Kg2 1/2-1/2

[Event "44.Semif.Camp.Italiano Categoria Mag."]
[Site "Torino ITA"]
[Date "1984.01.21"]
[Round "1.4"]
[White "Vallifuoco, Giovanni"]
[Black "Bianco, Valerio"]
[Result "1-0"]
[WhiteElo "2120"]
[BlackElo "1973"]
[Annotator "Gabriele Ballarin"]
[PlyCount "64"]
[EventDate "1984.01.21"]
[EventType "swiss"]
[EventRounds "9"]
[EventCountry "ITA"]

1. d4 Nf6 2. c4 c5 3. d5 e5 4. Nc3 d6 5. e4 g6 6. Nf3 Nbd7 7. h3 h5 8. Bg5 a5 9. a4 b6 10. Be2 Be7 11. Qd2 Kf8 12. Bh6+ Ke8 13. O-O Ng8 14. Be3 Kf8 15. h4 Kg7 16. Ng5 Nf8 17. f4 exf4 18. Rxf4 f6 19. Raf1 Nh6 20. Nh3 Bxh3 21. gxh3 Nd7 22. R4f3 Ne5 23. Rg3 Nhf7 24. b3 Kf8 25. Bd1 Ke8 26. Kh1 Kd7 27. Ne2 g5 28. Rg2 Kc7 29. Ng3 g4 30. Nf5 gxh3 31. Rg3 Bf8 32. Rfg1 Ng4 {Nur} 1-0

[Event "44.Semif.Camp.Italiano Categoria Mag."]
[Site "Torino ITA"]
[Date "1984.01.21"]
[Round "1.5"]
[White "Gibellato, Francesco"]
[Black "Fabbri, Mario"]
[Result "0-1"]
[WhiteElo "2070"]
[BlackElo "2200"]
[Annotator "Gabriele Ballarin"]
[PlyCount "66"]
[EventDate "1984.01.21"]
[EventType "swiss"]
[EventRounds "9"]
[EventCountry "ITA"]

1. e4 e5 2. Nf3 Nc6 3. Bc4 Bc5 4. b4 Bxb4 5. c3 Ba5 6. d4 d6 7. Qb3 Qd7 8. dxe5 Nxe5 9. Nxe5 dxe5 10. O-O c6 11. Ba3 Qc7 12. Rd1 Bg4 13. f3 Qb6+ 14. Kh1 Qxb3 15. axb3 Be6 {=} 16. Bxe6 fxe6 17. Bd6 Bd8 18. Na3 Nh6 19. Bxe5 Bf6 20. Nc4 Nf7 21. Bxf6 gxf6 22. Kg1 Ke7 23. Na5 Nd6 24. c4 c5 25. Ra2 Rac8 26. Rad2 Rhd8 27. f4 Nxe4 28. Rxd8 Rxd8 29. Rxd8 Kxd8 30. Nxb7+ Kc7 31. Na5 Kb6 32. b4 cxb4 33. Nb3 a5 0-1

[Event "44.Semif.Camp.Italiano Categoria Mag."]
[Site "Torino ITA"]
[Date "1984.01.21"]
[Round "1.6"]
[White "Pantaleoni, Claudio"]
[Black "Mantovani, Renzo"]
[Result "1-0"]
[WhiteElo "2158"]
[BlackElo "2146"]
[Annotator "Gabriele Ballarin"]
[PlyCount "187"]
[EventDate "1984.01.21"]
[EventType "swiss"]
[EventRounds "9"]
[EventCountry "ITA"]

1. d4 Nf6 2. c4 g6 3. Nc3 d5 4. Nf3 Bg7 5. Qb3 dxc4 6. Qxc4 O-O 7. e4 Nbd7 8. Bf4 c6 9. Be2 Qa5 10. b4 Qd8 11. b5 c5 12. Rd1 Qa5 13. Bd2 cxd4 14. Nxd4 Qb6 15. Nb3 Ne5 16. Qc5 Qxc5 17. Nxc5 b6 18. Nb3 Rd8 19. O-O Bb7 20. f4 Nd3 21. e5 Ne4 22. Bf3 Nxd2 23. Rxd2 Bxf3 24. Rxf3 Nb4 25. Nd4 e6 26. Ne4 Bf8 27. Nf6+ Kg7 28. Rh3 Bc5 29. Rxh7+ Kf8 30. Nd7+ Rxd7 31. Rh8+ Ke7 32. Rxa8 Rxd4 33. Rxd4 Bxd4+ 34. Kf1 Nd5 35. Rxa7+ Kf8 36. g3 Nc3 37. a4 Nd5 38. Ke2 Bc5 39. h4 Bb4 40. Kf3 Kg7 41. g4 Be7 42. Kg3 Bb4 43. Kf3 Kg8 44. Ke4 Nc3+ 45. Kd4 Nd5 46. f5 gxf5 47. gxf5 Bc5+ 48. Ke4 Nc3+ 49. Kd3 Nd5 50. f6 Bf2 51. Ra8+ Kh7 52. Rf8 Bxh4 53. Rxf7+ Kg8 54. Rd7 Bf2 55. Ra7 Kf8 56. a5 bxa5 57. Rxa5 Bb6 58. Ra8+ Kf7 59. Rh8 Bf2 60. Rh7+ Ke8 61. Ke4 Bc5 62. Rh8+ Kf7 63. Rd8 Nb6 64. Rb8 Nd5 65. Rb7+ Ke8 66. Rb8+ Kf7 67. Rc8 Bg1 68. Rc1 Bf2 69. Rc6 Bg1 70. Rc1 Bf2 71. Rc2 Bg1 72. Rc6 Bf2 73. Rd6 Nb6 74. Kf4 Bc5 75. Rd2 Nd5+ 76. Ke4 Nc3+ 77. Kd3 Nxb5 78. Kc4 Be3 79. Rd7+ Kf8 80. Kxb5 Bf4 81. Kc6 Bxe5 82. f7 Bf4 83. Rd4 Bg5 84. Rd7 Be7 85. Rd1 Kxf7 86. Kd7 Bf6 87. Rf1 Kg6 88. Kxe6 Bd4 89. Rf4 Bb6 90. Rg4+ Kh5 91. Kf5 Bc5 92. Rc4 Bf2 93. Rc2 Bg3 94. Rc1 1-0

[Event "44.Semif.Camp.Italiano Categoria Mag."]
[Site "Torino ITA"]
[Date "1984.01.21"]
[Round "1.7"]
[White "Laco, Giuseppe"]
[Black "Sarno, Spartaco"]
[Result "1-0"]
[WhiteElo "2170"]
[BlackElo "1968"]
[Annotator "Gabriele Ballarin"]
[PlyCount "75"]
[EventDate "1984.01.21"]
[EventType "swiss"]
[EventRounds "9"]
[EventCountry "ITA"]

1. d4 Nf6 2. c4 g6 3. Nc3 Bg7 4. e4 d6 5. f3 O-O 6. Be3 Nc6 7. Qd2 a6 8. Nge2 Rb8 9. g4 b5 10. cxb5 axb5 11. Ng3 b4 12. Nce2 e5 13. d5 Na5 14. Rc1 Bd7 15. Bg5 c6 16. dxc6 Bxc6 17. Rg1 d5 18. Nh5 gxh5 19. gxh5 h6 20. Bxh6 Nxh5 21. Rg5 dxe4 22. Qxd8 Rbxd8 23. Rxh5 Bxh6 24. Rxh6 exf3 25. Ng3 f6 26. Rxc6 f2+ 27. Kxf2 Nxc6 28. Bc4+ Rf7 29. Rxf6 Rdd7 30. Nf5 Kf8 31. Bxf7 Rxf7 32. Rxf7+ Kxf7 33. Ke3 Ke6 34. Ke4 Nb8 35. Ne3 Nd7 36. Kd3 Nb6 37. b3 Kf6 38. Nc2 1-0

[Event "44.Semif.Camp.Italiano Categoria Mag."]
[Site "Torino ITA"]
[Date "1984.01.21"]
[Round "1.8"]
[White "Messa, Roberto"]
[Black "Benso, Enrico"]
[Result "1-0"]
[WhiteElo "2255"]
[BlackElo "1900"]
[Annotator "Gabriele Ballarin"]
[PlyCount "67"]
[EventDate "1984.01.21"]
[EventType "swiss"]
[EventRounds "9"]
[EventCountry "ITA"]

1. e4 e5 2. Nf3 Nc6 3. Bb5 a6 4. Ba4 Nf6 5. O-O b5 6. Bb3 Be7 7. Re1 O-O 8. a4 Bb7 9. c3 d6 10. d4 Qd7 11. Nbd2 Rfe8 12. d5 Na7 13. c4 c6 14. axb5 axb5 15. h3 bxc4 16. Nxc4 Qc7 17. Na5 c5 18. Bd2 Ba6 19. Nc4 Nb5 20. Ba5 Qb7 21. Ba4 Rf8 22. Qc2 Rab8 23. Bd2 Nd7 24. Na5 Qb6 25. Nc6 Rbe8 26. Re3 Nb8 27. Nxe7+ Rxe7 28. Rb3 c4 29. Qxc4 Nd4 30. Rxb6 Nxf3+ 31. gxf3 Bxc4 32. Rxd6 f5 33. exf5 Ra7 34. Ra3 1-0

[Event "44.Semif.Camp.Italiano Categoria Mag."]
[Site "Torino ITA"]
[Date "1984.01.21"]
[Round "1.9"]
[White "Steinfl, Alessandro"]
[Black "Villasco, Paolo"]
[Result "1-0"]
[WhiteElo "2025"]
[BlackElo "1900"]
[Annotator "Gabriele Ballarin"]
[PlyCount "31"]
[EventDate "1984.01.21"]
[EventType "swiss"]
[EventRounds "9"]
[EventCountry "ITA"]

1. e4 e6 2. Nf3 d5 3. Nc3 c5 4. d4 cxd4 5. Nxd4 Bb4 6. Bb5+ Bd7 7. exd5 Bxc3+ 8. bxc3 exd5 9. O-O Ne7 10. Bd3 Nbc6 11. Re1 Nxd4 12. cxd4 Be6 13. Qh5 Qd7 14. Rb1 O-O-O 15. Bf4 f6 16. Qe2 1-0

[Event "44.Semif.Camp.Italiano Categoria Mag."]
[Site "Torino ITA"]
[Date "1984.01.21"]
[Round "1.10"]
[White "Drei, Andrea"]
[Black "Gazziero, Gabriele"]
[Result "1-0"]
[WhiteElo "2132"]
[BlackElo "1941"]
[Annotator "Gabriele Ballarin"]
[PlyCount "43"]
[EventDate "1984.01.21"]
[EventType "swiss"]
[EventRounds "9"]
[EventCountry "ITA"]

1. e4 c5 2. Nf3 d6 3. d4 cxd4 4. Nxd4 Nf6 5. Nc3 a6 6. Be2 e5 7. Nb3 Be7 8. O-O Be6 9. f4 Qc7 10. g4 h5 11. g5 Ng4 12. f5 Bxb3 13. axb3 Qc5+ 14. Kg2 Ne3+ 15. Bxe3 Qxe3 16. h4 Nc6 17. Rf3 Qc5 18. Nd5 Rc8 19. c3 Nb8 20. b4 Qc6 21. b5 axb5 22. Qf1 1-0